Demons & Demigods: (Record no. 180391)

MARC details
000 -LEADER
fixed length control field 00582nam a22001937a 4500
005 - DATE AND TIME OF LATEST TRANSACTION
control field 20210809114510.0
010 ## - LCCN (DPL NO)
LC control number ENG-129686
020 ## - INTERNATIONAL STANDARD BOOK NUMBER
Terms of availability 495.00
International Standard Book Number 9780199489633
035 ## - SYSTEM CONTROL NUMBER
System control number EN-113218
037 ## - SOURCE OF ACQUISITION
Source of stock number/acquisition DBAD/PUB
082 ## - DEWEY DECIMAL CLASSIFICATION NUMBER
Classification number 345.540773
100 ## - MAIN ENTRY--PERSONAL NAME
Personal name Jha, Aparna
245 ## - TITLE STATEMENT
Title Demons & Demigods:
Remainder of title Death Penalty in India/
Statement of responsibility, etc Aparna Jha
250 ## - EDITION STATEMENT
Edition statement 2019
260 ## - PUBLICATION, DISTRIBUTION, ETC. (IMPRINT)
Place of publication, distribution, etc New Delhi
Name of publisher, distributor, etc Oxford University Press
Date of publication, distribution, etc 2018
270 ## - ADDRESS
Address 2/11 Ground floor, Ansari Road, Darya ganj,
City New Delhi
Postal code 110002
300 ## - PHYSICAL DESCRIPTION
Extent 190 p.
Dimensions 20cm(hbk)
942 ## - ADDED ENTRY ELEMENTS (KOHA)
Source of classification or shelving scheme Dewey Decimal Classification
Item type English Books
Classification part 345.540773
Call number prefix JHA
Holdings
Withdrawn status Lost status Not for loan Collection code Home library Current library Date acquired Source of acquisition Cost, normal purchase price Full call number Barcode Copy number Cost, replacement price Koha item type
      Non-fiction Shahdara Branch Shahdara Branch 09/08/2021 DBAD/PUB 495.00 345.540773 EN-113218 1 495.00 English Books

© Delhi Public Library
Hit Counter
free hit counter